|
|
|
|
| LEADER |
00000cam a2200000 a 4500 |
| 001 |
vtls001347077 |
| 003 |
SK-MaSNL |
| 005 |
20260301114726.0 |
| 008 |
240318s1965 xr ob 0 100 cze |
| 035 |
|
|
|a SNK000300328
|
| 040 |
|
|
|a SNK
|b slo
|c SNK
|e AACR2
|
| 041 |
|
|
|a cze
|
| 044 |
|
|
|a xr
|c CZ
|
| 080 |
|
|
|a 94(430/439)
|2 2001
|
| 080 |
|
|
|a 343.819.5
|2 2001
|
| 100 |
1 |
|
|a Malá, Irena,
|d 1930-
|4 aut
|9 62123
|
| 245 |
1 |
0 |
|a Pochody smrti
|c Irena Malá, Ludmila Kubátová ; obálku, vazbu, předsádku, frontispice a graf. úpravu navrhl Spytimír Bursík
|
| 250 |
|
|
|a 1. vyd.
|
| 260 |
|
|
|a Praha
|b Nakladatelství politické literatury
|c 1965
|e Praha
|f Rudé právo
|
| 300 |
|
|
|a 331, [2] s.
|b fotogr., mp., tab.
|c 20 cm
|
| 504 |
|
|
|a Bibliogr. odkazy. Reg.
|
| 506 |
|
|
|a 3000 výtl.
|
| 655 |
|
7 |
|a literatúra faktu
|2 SNKPH
|9 70526
|
| 700 |
1 |
|
|a Kubátová, Ludmila,
|d 1927-2014
|4 aut
|9 236079
|
| 700 |
1 |
|
|a Bursík, Spytimír
|4 bkd
|4 cov
|4 bdd
|9 458620
|
| 852 |
|
|
|a Štátna vedecká knižnica v Banskej Bystrici
|
| 958 |
|
|
|a OND
|
| 999 |
|
|
|c 719521
|d 721451
|
| 952 |
|
|
|t P60, <04>, [BOOK], {604}
|a SNK
|b SNK
|y NEVYP
|7 0
|p 17A0162382
|o snkID 38792 D1
|0 0
|1 1
|4 0
|d 1998-10-31
|l 0
|r 2005-01-02 00:00:00
|w 2026-02-23
|